000 00600nam a2200217Ia 4500
003 GCL
008 140319s9999 xx 000 0 ara d
040 _aGCL /
_cGCL
082 0 4 _a415.5
_bف ت
100 1 _aفخرالدين قبادة
245 1 0 _aتصريف الاسماء والافعال /
_cفخرالدين قبادة
260 _a[S.N] :
_bمكتبة المعارف ،
_c1988
300 _a272 ص
490 _a
650 0 4 _aالنحو
650 0 4 _aاللغة العربية
650 0 4 _aالصرف
650 0 4 _aالاسماء
650 0 4 _aالافعال
942 _2ddc
_cBK
999 _c55487
_d55487